00327pab a2200133 454500008004000000100001600040245004600056260000900102300001100111362001100122650002100133700001900154773002000173180718b2011 xxu||||| |||| 00| 0 eng d aSingh, K.P. aHigher education in India: Major concerns c2011 ap.1-5. a18 Jul aHigher education aAhmad, Shakeel aUniversity News